| 000 | 00602nam a22002052 4500 | ||
|---|---|---|---|
| 001 | 0000024048 | ||
| 005 | 20151217152255.0 | ||
| 008 | 130507s xx 000 0 eng d | ||
| 020 | _a1901215008 : | ||
| 040 |
_aKABU _cKABU |
||
| 245 | 1 | 0 |
_aNeurological compendium : _ba resource book for general practice. |
| 250 | _a1st ed. | ||
| 260 |
_alondon : _bCONCAH, _c1996. |
||
| 300 | _a220 p. | ||
| 650 | 0 |
_aNeurology. _@0000155742 |
|
| 710 | 2 |
_aContinuing Care at Home Association. _@0000183960 |
|
| 852 | 1 | _9p300 KES | |
| 908 | _a130507 | ||
| 950 | _@1 | ||
| 999 |
_c10150 _d10150 |
||